| 000 | 00366cam a2200145ua 4500 | ||
|---|---|---|---|
| 041 |
_aeng _h |
||
| 082 |
_a301 _bLEE/PR |
||
| 100 | _aLee, Alfred Meclung . | ||
| 245 |
_aPrinciples of Sociology / _cAlfred Meclung Lee. _hTextual Documents |
||
| 260 |
_aNew York : _bBarnes & Noble , _c1951. |
||
| 300 | _a360 ; . | ||
| 504 | _a | ||
| 942 | _cBK | ||
| 999 |
_c3224 _d3224 |
||